000 00550nmm a2200205Ia 4500
008 251105s9999||||xx |||||||||||||||||und||
020 _a9788495354907
041 _aspa
100 _aDirie, Waris
245 0 _aFlor del desierto
264 _a[Madrid, España] :
_bMaeva Ediciones,
_c2003
300 _a0 páginas
490 _aMemorias
650 _aBiography
700 _aDirie, Waris
700 1 _a Díez Pérez, Mª José
700 1 _a Friera Acebal, Diego
856 _uhttps://public.digitaliapublishing.com/a/31627
942 _cCF
999 _c64811
_d64811